000 00491nam a22001577a 4500
005 20260223155900.0
008 260223b |||||||| |||| 00| 0 eng d
020 _a978-0-5216-8562-7
100 _aMOSES, MARGARET L.
245 _aTHE PRINCIPLES AND PRACTICE OF INTERNATIONAL COMMERCIAL ARBITRATION
260 _aCAMBRIDGE
_bCAMBRIDGE UNIVERSITY PRESS
_c2008
300 _aXVIII, 340P.
500 _aINCLUDES INDEX
650 _aINTERNATIONAL COMMERCIAL ARBITRATION
942 _2lcc
_cBK
999 _c216598
_d216598